| 000 | 01281cam a22003011i 4500 | ||
|---|---|---|---|
| 003 | SA-RiAUC | ||
| 005 | 20250720072806.0 | ||
| 008 | 250716s2012 ku g f000 0 ara c | ||
| 020 | _a9789996650314 | ||
| 040 |
_aSA-MaMIU _bara _cSA-RiAUC _erda |
||
| 082 | 0 | 4 |
_a227.6 _qSA-RiAUC |
| 090 |
_a227.6 _bح م د |
||
| 100 | 1 |
_aالحمد، محمد بن إبراهيم أحمد، _d1385 هجري- _eمؤلف. |
|
| 245 | 1 | 0 |
_aأغراض السور في تفسير التحرير والتنوير لابن عاشور / _cمحمد بن إبراهيم أحمد الحمد. |
| 250 | _aالطبعة الأولى، جديدة منقحة. | ||
| 264 | 1 |
_aالكويت : _bوزارة الأوقاف والشؤون الإسلامية، قطاع الشؤون الثقافية، _c2012 |
|
| 300 |
_a141 صفحة ؛ _c21 سم. |
||
| 336 |
_aنص _btxt _2rdacontent _3كتاب |
||
| 337 |
_aبدون وسيط _bn _2rdamedia |
||
| 338 |
_aمجلد _bnc _2rdacarrier |
||
| 490 | 1 | _aالسور القرآنية | |
| 630 | 2 | 7 |
_aالقرآن _xتفاسير _2aucut |
| 700 | 1 | 2 |
_iشرح لـ : _aبن عاشور، محمد الطاهر، _d1296-1393 هجري |
| 730 | 2 | 2 | _aالقرآن |
| 830 | 2 | _aالسور القرآنية | |
| 942 |
_2ddc _cBOOK _n0 |
||
| 949 |
_aSA-JeALM _d250716 _umohamedma123 _n1 |
||
| 999 |
_c10144 _d10144 |
||